| 000 | 04455nam a22003377a 4500 | ||
|---|---|---|---|
| 001 | TIGAL 0009 | ||
| 003 | gtcocun | ||
| 005 | 20250923165339.0 | ||
| 006 | a||||gr|||| 00| 0 | ||
| 007 | ta | ||
| 008 | 250923b2018 gt ||||| m||| 00| 0 eng d | ||
| 040 |
_agtcocun _bSPA _cgtcocun _eRDA |
||
| 041 | _aSPA TIGAL 0009 | ||
| 084 | _0TIGAL 0009 | ||
| 100 |
_aGarcía Novales, Leslie Madeline _eAutor |
||
| 245 |
_aPLAN DE MANEJO DE RESIDUOS Y DESECHOS SÓLIDOS PRODUCIDOS EN EL ÁREA URBANA DEL MUNICIPIO DE SAN JUAN CHAMELCO ALTA VERAPAZ/ _cLeslie Madeline García Novales. _hImpreso |
||
| 264 |
_aCobán, Alta Verapaz: _bUniversidad de San Carlos de Guatemala, Centro Universitario del Norte, Carrera de Ingeniería en Gestión Ambiental Local _c2018 |
||
| 300 |
_a117 p.: _bIlustraciones, gráficas. _c28 cm; |
||
| 300 | _cPDF | ||
| 336 |
_2rdacontenido _aTexto _btxt |
||
| 337 |
_2rdamedio _aComputadora _bn |
||
| 338 |
_2rdasoporte _aCódigo en línea _bcr |
||
| 502 | _eTIGAL 0009 | ||
| 502 |
_aTesis de grado _bCarrera de Ingeniería en Gestión Ambiental Local, _cUniversidad de San Carlos de Guatemala, Centro Universitario del Norte, Carrera de Ingeniería en Gestión Ambiental Local _d2018 _oTIGAL 0009 |
||
| 520 | 1 | 4 | _aUn plan de manejo de residuos sólidos es un conjunto de acciones orientadas a darle un destino adecuado a los desechos sólidos según sus características, a través de cada una de las etapas correspondientes tales como generación, almacenamiento, recolección, transporte, aprovechamiento, valorización, tratamiento y disposición final. El código municipal refiere en su artículo 68 inciso a: que la recolección, tratamiento y disposición de desechos sólidos, limpieza y ornato del municipio son propias de la municipalidad. Es por ello que se elaboró un plan de manejo de residuos sólidos para el municipio de San Juan Chamelco, Alta Verapaz. Se empleó la metodología de los ingenieros Rommel Josué Raudales Osorto y Marvin Ovidio Grádiz Cáceres de la Escuela Regional de Ingeniería Sanitaria y Recursos Hidráulicos utilizada para establecer un Modelo de Gestión Integral de Residuos Sólidos en el Área Urbana del Municipio de Santa Catarina Pínula realizada en el año 2012. El procedimiento que se utilizó según la metodología fue: realización de diagnóstico de la situación actual de los residuos sólidos en el municipio, caracterización de los mismos, determinación de la producción per cápita, proyección de producción de residuos para el año 2020 y elaboración de la propuesta de manejo. Las personas objeto de estudio fueron los usuarios del servicio de recolección de basura, quienes forman parte del área urbana del municipio, son en total 1 068. Se utilizó una muestra de 300 personas para la caracterización de residuos sólidos. Es importante mencionar que este grupo actualmente corresponde únicamente al 45% de la población total, es decir hay un 55% de viviendas que aún no pagan por el servicio de basura. De acuerdo a los resultados obtenidos, se evidenció que el municipio de San Juan Chamelco no le da un manejo adecuado a sus desechos sólidos, para lo cual se propuso el establecimiento de una planta de tratamiento de residuos sólidos, al tener el conocimiento, que este proyecto requiere de una inversión muy grande, la propuesta se elaboró como un modelo de gestión de proyectos para ser financiado por organizaciones donantes de proyectos ambientales y de desarrollo. Para tales fines se utilizó la Guía PMD Pro que por sus siglas en ingles significa “Gestión de proyectos para el desarrollo de profesionales del desarrollo”, que establece un modelo de proyectos por fases siendo estas: identificación y diseño del proyecto; puesta en marcha del proyecto; planificación; implementación y transición del proyecto. Al desarrollar esta propuesta se abordó únicamente la primera fase identificación y diseño del proyecto. |
| 650 | 1 | 4 |
_2LEMB _aSan Juan Chamelco, Alta Verapaz _xIngeniería en Gestión Ambiental Local _xResiduos sólidos _xCódigo municipal _xRecursos hidráulicos _xDiagnóstico _xRecolección de basura |
| 700 |
_aIng. Servio Danilo Sierra López _eAsesor |
||
| 856 |
_uhttps://drive.google.com/file/d/19dVqLdgiUfVPEUl69bYnuoME1NDgBav9/view _yPDF _zUn ejemplar en línea. |
||
| 942 |
_2ddc _cTES _iTIGAL 0009 _kClasificación _n0 _6TIGAL_0009_000000000000000 |
||
| 999 |
_c2079 _d2079 |
||